000 00482nam a2200181Ia 4500
008 230917s9999||||xx |||||||||||||| ||und||
020 _cRS699
040 _e243048
_aMAIN
041 _aEnglish
082 _a005.8 S18N(4)
100 _aStallings, William
245 0 _aNetwork security essentials
250 _a4th ed.
260 _aNoida
_bPearson India Education
_c2018
300 _axiv, 417 p.
500 _a2907 03/11/2017 HBD17/7078 07/11/2017 Main Budget
942 _cBK
999 _c24421
_d24421